Paroles - Starlight - Muse - Statistiques

Statistiques générales
  • Ce quiz a été pris 98 fois
  • Le résultat moyen est 138 sur 199
Statistiques - réponses
Paroles % Correct
a
96%
I
94%
you
90%
You
90%
my
89%
My
89%
Starlight
89%
starlight
89%
away
83%
if
83%
If
83%
the
83%
to
81%
in
80%
is
80%
me
80%
This
79%
Far
77%
far
77%
who
76%
from
73%
live
73%
arms
70%
die
70%
Hold
70%
hold
70%
just
70%
life
70%
memories
70%
care
69%
Of
69%
of
69%
people
69%
or
67%
ship
67%
and
66%
let
66%
taking
66%
go
64%
will
64%
wanted
63%
be
61%
don't
61%
Black
59%
never
59%
Never
59%
it
57%
know
57%
anymore
56%
holes
56%
expectations
54%
not
54%
electrify
53%
fade
53%
hopes
53%
Our
50%
revelations
50%
promise
47%
feel
46%
it's
46%
worth
46%
chasing
41%
end
41%
I'll
41%
alive
40%
All
37%
Let's
36%
Until
36%
that
33%
ignite
29%
conspire
26%
yeah
24%
would
23%
souls
19%
Aucun quiz correspondant
Distribution des résultats
% des personnes avec chaque résultat
Percentile par nombre de réponses
Votre historique - résultats
Vous n’avez pas pris ce quiz